La filoxera (philloxera vastatrix) (Record no. 151421)

MARC details
000 -LEADER
campo de control de longitud fija 00750nam a2200181 i 4500
001 - NÚMERO DE CONTROL
campo de control 151421
003 - IDENTIFICADOR DE NÚMERO DE CONTROL
campo de control ES-MaACL
005 - FECHA Y HORA DE LA ÚLTIMA TRANSACCIÓN
campo de control 20250911063556.0
008 - DATOS DE LONGITUD FIJA--INFORMACIÓN GENERAL
campo de control de longitud fija 931025s1878 sp |||| | spa d
080 ## - NÚMERO DE LA CLASIFICACIÓN DECIMAL UNIVERSAL
Número de la Clasificación Decimal Universal 634.8-275.22
100 1# - ENTRADA PRINCIPAL--NOMBRE DE PERSONA
Nombre de persona Almenas, Francisco Javier de Palacio y García de Velasco,
Títulos y otros términos asociados al nombre Conde de las,
Fechas asociadas al nombre 1840-1902
9 (RLIN) 125619
245 13 - MENCIÓN DEL TÍTULO
Título La filoxera (philloxera vastatrix)
Resto del título : su historia, medios empleados para combatirla /
Mención de responsabilidad, etc. por el Conde de las Almenas.
260 ## - PUBLICACIÓN, DISTRIBUCIÓN, ETC.
Lugar de publicación, distribución, etc. Madrid :
Nombre del editor, distribuidor, etc. [s.n.],
Fecha de publicación, distribución, etc. 1878 (
Fabricante Imp. Manuel G. Hernández)
300 ## - DESCRIPCIÓN FÍSICA
Extensión 51 p. :
Otras características físicas il. ;
Dimensiones 20 cm.
650 #4 - PUNTO DE ACCESO ADICIONAL DE MATERIA--TÉRMINO DE MATERIA
Término de materia o nombre geográfico como elemento de entrada Filoxera.
9 (RLIN) 136118
852 ## - LOCALIZACIÓN
Ubicación ES-MaACL
Número de control de estantería T-718-F-4
Nota libre -- Enc. hol., consevando la cub. original
-- -- Enc. en un vol. facticio
Holdings
Estatus retirado Estado de pérdida Estado de daño No para préstamo Colección Biblioteca de origen Biblioteca actual Ubicación en estantería Fecha de adquisición Total de préstamos Signatura topográfica completa Código de barras Visto por última vez Precio de reemplazo Tipo de ítem Koha
        Colección de folletos Biblioteca del Ateneo de Madrid Biblioteca del Ateneo de Madrid Depósito folletos 17/01/2008   T-718-F-4 1157988 23/02/2023 23/02/2023 Folleto